| 000 | 00548pab a2200193 454500 | ||
|---|---|---|---|
| 008 | 180718b2014 xxu||||| |||| 00| 0 eng d | ||
| 100 | _aFernandes, Gabriela | ||
| 245 | _aDeveloping a framework for embedding useful project management improvement initiatives in organizations | ||
| 260 | _c2014 | ||
| 300 | _ap.81-108. | ||
| 362 | _aAug-Sep | ||
| 650 | _aOrganizations | ||
| 650 | _aProject management | ||
| 700 | _aAraujo, Madalena | ||
| 700 | _aWard, Stephen | ||
| 773 | _aProject Management Journal | ||
| 908 | _aN | ||
| 909 | _a105340 | ||
| 999 |
_c105335 _d105335 |
||